1315 1450 1366 1627 1842 1415 1326 1068 1046 1425 1946 1422 1431 1742 1228 1706 1947 1284 1232 1637 1923 1166 1083 1390 1147 1595 1208 1271 1838 1626 1623 1611 1487 1883 1805 1792 1572 1977 1192 1785 1181 1433 1397 1028 1717 1301 1986 1910 1807 1191 1311 1339 1941 1539 1681 1474 1704 1251 1611 1335 1935 1668 1548 1392 1369 1966 1566 1564 1620 1641 1427 1163 1021 1231 1696 1962 1203 1550 1206 1105 1526 1255 1376 1599 1924 1297 1354 1481 1876 1008 1279 1201 1599 1233 1694 1379 1410 1311 1455 BCNSPRNW ULIB Ver.6.0+V

เปลี่ยนเป็นภาษาไทย

Change to English
 แสดงรายละเอียดบรรณานุกรม
  กลับหน้าหลัก

Brief Record : Get Marc (ISO 2709) : E-mail record : QR code < ปิดหน้าต่าง
LEADER : 00000nam 2200000uu 4500
001    13399108416
003     ULIB
008    110303s2006||||th 000 0 eng d
020    9780323032094
024    0323032095
060  0 WY106^bS786F 2006
100 0  Stanhope, Marcia
245 00 Foundations of nursing in the community : community-oriented practice. /^cStanhope, Marcia
250    2nd ed.
260    St. Louis :^bMosby, ^c2006.
300    781 pp.^bill
650  7 Community Health Nursing
650  7 Community Health Services
945    ^p2680^l0^i027424
995    ทศพร
999 ^a ใช้งานได้ทุกระบบ
รายการนี้ยังไม่มีแท็ก
คุณยังไม่ได้ล็อกอิน คุณสามารถมีกิจกรรมร่วมกับเว็บไซต์ได้ แต่ต้องล็อกอินก่อน ::
  ล็อกอิน

รายการสื่อสารสนเทศ

ลำดับที่ ประเภท เลขเรียก/บาร์โค้ด สถานที่ สถานะ
- ไม่พบข้อมูล -

รายการใกล้เคียง
    ผู้แต่ง [Stanhope, Marcia]

    หัวเรื่อง [Community Health Nursing]
    หัวเรื่อง [Community Health Services]

BibComment


ยังไม่เคยถูกคอมเมนท์

คอมเมนท์ทรัพยากรรายการนี้
  คอมเมนท์: Foundations of nu..


 Copyright 2026. Bcnsprnw @Library